| 000 | 00453nam a2200169 i 4500 | ||
|---|---|---|---|
| 001 | 140768 | ||
| 003 | ES-MaACL | ||
| 005 | 20240516063049.0 | ||
| 007 | t| | ||
| 008 | 070917s1913 xxk ||||1| eng d | ||
| 100 | 0 |
_aWells, H. G., _d1866-1946 _9116458 |
|
| 245 | 1 | 0 |
_aMarriage / _cH. G. Wells. |
| 260 |
_aLondon : _bMacmillan and CÂș., _c1913. |
||
| 300 |
_a351 p. ; _c20 cm. |
||
| 852 |
_aES-MaACL _jF-2408 |
||
| 999 |
_c140768 _d140768 |
||